000 00654nam a22002057a 4500
003 SEM
999 _c46604
_d46604
005 20220608071341.0
008 211109s1985 ai ||||gr|||||001|0 arm|d
040 _aSEM
_cSEM
041 _aarm
080 _a891.981-3/Ս-19
100 _aՍանթրյան Վանիկ
245 _aՄաշտոցի որդիները: /
_cՎ. Սանթրյան; Խմբ.՝ Վ. Դանիելյան
260 _aԵրևան :
_bՍովետական գրող,
_c1985.
300 _a284 էջ;
_bնկ.;
_c17 սմ
650 _aՀայ գրականություն
_xարձակ
653 _aՍԷՄ
700 _aԴանիելյան Վ.
_eխմբ.
_4edt.
942 _2udc
_cBK